000 01144nam0a22002891 4500
001 rc\775426
005 20260406114800.0
035 _a(NLR Aleph) 006301706
090 _a7258237
_c7258237
100 _a20040301d1983 |||y0rusy50 ca
101 0 _arus
_ageo
102 _aRU
105 _ay |||||||||
200 1 _aXXII Научная конференция
_eПлан работы и тез. докл.
_f... Координац. совет по фольклору при Отд-нии яз. и лит. АН ГССР
210 _aТбилиси
_cМецниереба
_d1983
215 _a39 с.
_d22
300 _aПарал. загл. на груз. яз.
300 _aОписано по обл. Тит. л. на груз. яз.
300 _aТекст на рус. и груз. яз.
710 0 2 _aАН ГССР
_cТбилиси
_bКоординационный совет по фольклору
_bНаучная конференция
_d8
_f1968
_3RU\NLR\AUTH\8811037
_9294718
801 0 _aRU
_bNLR
_gpsbo
801 1 _aRU
_bELAR
_2rusmarc
852 _aNLR
_jОНЛ
852 _aNLR
_bОНЛ
942 _cBOOK
980 _aNB